000
00292 a2200145 4500
001
167943
020
_a
040
_c
Magnum
100
_a
Dirceu, Jose
240
1
0
_a
Reforma politica
_l
por
245
1
0
_a
Reforma politica
362
0
_a
1899
697
_a
ORGANIZACAO SOCIAL
942
_c
BK
999
_c
167943
_d
167943